[Event "Let's Play Chess!"]
[Site "http://www.queenalice.com/game.php?id=679450"]
[Date "2009.11.8"]
[Round "-"]
[White "bluestuff370"]
[Black "pimprenelle"]
[Result "0-1"]
[WhiteElo "1917"]
[BlackElo "1997"]

1. d4 d5 2. Nf3 Nc6 3. a3 Nf6 4. e3 Bg4 5. Nbd2 e6 6. Be2 Qe7 7. h3 Bf5 8. O-O
e5 9. Bb5 e4 10. Bxc6+ bxc6 11. Ne5 Qe6 12. f3 Bd6 13. f4 Bxe5 14. dxe5 Nd7 15.
g4 Bg6 16. h4 h5 17. f5 Qxe5 18. Rf4 Bh7 19. Nf1 hxg4 20. Qxg4 O-O-O 21. Ng3
Rdg8 22. h5 g6 23. fxg6 Bxg6 24. Kf2 Bxh5 25. Qf5 Bf3 26. Nh5 Rg2+ 0-1

[Event "Let's Play Chess!"]
[Site "http://www.queenalice.com/game.php?id=713545"]
[Date "2010.1.14"]
[Round "-"]
[White "bluestuff370"]
[Black "WickedProfessor"]
[Result "1-0"]
[WhiteElo "1893"]
[BlackElo "1648"]

1. d4 d5 2. Nf3 Nc6 3. a3 Nf6 4. e3 Bg4 5. Nbd2 Ne4 6. Be2 e6 7. h3 Bh5 8. O-O
Nxd2 9. Qxd2 Be7 10. b4 O-O 11. Bb2 Bf6 12. Rfc1 Bxf3 13. Bxf3 b5 14. a4 Rb8 15.
axb5 Rxb5 16. c3 Qb8 17. Ba3 Ne7 18. Be2 Rb6 19. c4 dxc4 20. Rxc4 Rc6 21. Rac1
Rxc4 22. Rxc4 Nd5 23. Bf3 Rd8 24. Bxd5 exd5 25. Rc6 Rd6 26. Rxd6 cxd6 27. Qd3
Qe8 28. Qa6 Qd7 29. b5 Qf5 30. Qxd6 Qb1+ 31. Kh2 1-0

[Event "Let's Play Chess!"]
[Site "http://www.queenalice.com/game.php?id=713546"]
[Date "2010.1.14"]
[Round "-"]
[White "bluestuff370"]
[Black "elche"]
[Result "1-0"]
[WhiteElo "1918"]
[BlackElo "1750"]

1. d4 d5 2. Nf3 Nf6 3. e3 g6 4. b3 Bg7 5. Bb2 Bg4 6. Nbd2 O-O 7. h3 Bxf3 8. Nxf3
Nbd7 9. a3 e6 10. c4 c6 11. c5 b6 12. b4 bxc5 13. bxc5 Qa5+ 14. Qd2 Qxd2+ 15.
Nxd2 Ne4 16. Nxe4 dxe4 17. Rc1 e5 18. Ba6 Rab8 19. Bc3 exd4 20. Bxd4 Bxd4 21.
exd4 f5 22. Bc4+ Kg7 23. O-O Nf6 24. Rb1 Kh6 25. Rb4 Rxb4 26. axb4 Nd7 27. Ra1
Ra8 28. Be6 Nf8 29. Bf7 Kg7 30. Bc4 Nd7 31. Ra6 Nb8 32. Ra5 f4 33. b5 cxb5 34.
Bd5 e3 35. fxe3 fxe3 36. Bxa8 1-0

[Event "Let's Play Chess!"]
[Site "http://www.queenalice.com/game.php?id=713954"]
[Date "2010.1.14"]
[Round "-"]
[White "bluestuff370"]
[Black "jfcarbonari"]
[Result "0-1"]
[WhiteElo "1927"]
[BlackElo "2000"]

1. d4 d5 2. Nf3 Nf6 3. e3 Bg4 4. Nbd2 Nc6 5. a3 e5 6. dxe5 Nxe5 7. Be2 Qd6 8.
Nxe5 Bxe2 9. Qxe2 Qxe5 10. Qb5+ Nd7 11. Nf3 Qd6 12. Qxb7 Nb6 13. Qa6 Be7 14. Qd3
Nc4 15. O-O O-O 16. b4 Bf6 17. c3 a5 18. bxa5 Rxa5 19. a4 Qa6 20. Qc2 g6 21. Nd2
Nb6 22. Nb3 Rxa4 23. Nc5 Qxf1+ 24. Kxf1 Rxa1 25. Nb3 Ra4 26. Nc5 Rc4 27. Ba3
Rxc3 0-1

[Event "Let's Play Chess!"]
[Site "http://www.queenalice.com/game.php?id=714104"]
[Date "2010.1.15"]
[Round "-"]
[White "bluestuff370"]
[Black "perucona"]
[Result "1-0"]
[WhiteElo "1916"]
[BlackElo "1542"]

1. d4 d5 2. Nf3 e6 3. a3 Bd7 4. e3 Qf6 5. Bd3 Nc6 6. O-O O-O-O 7. b4 a6 8. Bb2
b5 9. h3 Nh6 10. Nbd2 Ne7 11. Re1 Qg6 12. Bxg6 hxg6 13. Nb3 f6 14. Nc5 Nef5 15.
Nxa6 Kb7 16. Nc5+ Kb6 17. a4 Bxc5 18. dxc5+ Kc6 19. axb5+ Kb7 20. c6+ Bxc6 21.
bxc6+ Kxc6 22. Nd4+ Kd6 23. Ra6+ c6 24. Rxc6+ Ke5 25. Rxe6# 1-0

[Event "Let's Play Chess!"]
[Site "http://www.queenalice.com/game.php?id=714105"]
[Date "2010.1.15"]
[Round "-"]
[White "bluestuff370"]
[Black "perucona"]
[Result "1-0"]
[WhiteElo "1916"]
[BlackElo "1577"]

1. d4 d5 2. Nf3 e6 3. a3 Bd7 4. e3 Qf6 5. Bd3 Nc6 6. O-O O-O-O 7. b3 Nh6 8. Bb2
a6 9. c4 b5 10. cxb5 axb5 11. Bxb5 Qg6 12. Bxc6 Bxc6 13. Ne5 Qf6 14. Nxc6 Rd6
15. Qc2 Qg6 16. Qc3 f5 17. h3 Be7 18. Nxe7+ Kd8 19. Nxg6 hxg6 20. Rc1 c6 21.
Qa5+ Ke7 22. Qc7+ Rd7 23. Qxc6 Rd6 24. Qb7+ Rd7 25. Rc7 Rxc7 26. Qxc7+ Kf6 27.
Nd2 Rf8 28. Nf3 g5 29. Qe5+ Kg6 30. Qxe6+ Rf6 31. Qxd5 Nf7 32. Ne5+ Kh5 33. Nxf7
g6 34. Qf3+ g4 35. hxg4+ Kh4 36. Qh3# 1-0

[Event "Let's Play Chess!"]
[Site "http://www.queenalice.com/game.php?id=736260"]
[Date "2010.2.23"]
[Round "-"]
[White "bluestuff370"]
[Black "rito"]
[Result "1-0"]
[WhiteElo "1903"]
[BlackElo "1543"]

1. d4 d5 2. Nf3 Bg4 3. Nbd2 e6 4. h3 Bxf3 5. Nxf3 Bb4+ 6. Bd2 Nc6 7. a3 Be7 8.
b4 Qd6 9. b5 Nb8 10. Bb4 Qb6 11. Bxe7 Nxe7 12. e3 Qa5+ 13. Qd2 Qxd2+ 14. Nxd2 a5
15. a4 b6 16. c4 Nd7 17. Nf3 c5 18. cxd5 Nxd5 19. Bc4 Nc3 20. O-O h5 21. Rfc1
Ne2+ 22. Bxe2 Rc8 23. Bd3 f5 24. d5 exd5 25. Bxf5 c4 26. Bxd7+ Kxd7 27. Ne5+ Kc7
28. Rd1 1-0

[Event "Let's Play Chess!"]
[Site "http://www.queenalice.com/game.php?id=736261"]
[Date "2010.2.23"]
[Round "-"]
[White "bluestuff370"]
[Black "MCMXI"]
[Result "0-1"]
[WhiteElo "1918"]
[BlackElo "1997"]

1. d4 Nf6 2. Nf3 g6 3. e3 Bg7 4. b3 c5 5. c3 d5 6. Bb2 O-O 7. Bd3 Bg4 8. Nbd2 e5
9. dxe5 Nfd7 10. Be2 Nc6 11. h3 Bf5 12. Bb5 Ndxe5 13. Bxc6 Nd3+ 14. Kf1 Nxb2 0-1

[Event "Challenge"]
[Site "http://www.queenalice.com/game.php?id=745593"]
[Date "2010.3.13"]
[Round "-"]
[White "bluestuff370"]
[Black "Blackangel"]
[Result "0-1"]
[WhiteElo "1905"]
[BlackElo "2015"]

1. d4 c5 2. c3 cxd4 3. cxd4 g6 4. Nf3 Bg7 5. e3 Nf6 6. b3 O-O 7. Bb2 Nc6 8. a3
d6 9. Nbd2 Bg4 10. h3 Bc8 11. b4 b6 12. Bd3 Bb7 13. O-O Rc8 14. Re1 Qd7 15. Qb3
Nd8 16. Rec1 Bc6 17. b5 Bb7 18. Rxc8 Qxc8 19. Rc1 Qa8 20. a4 h6 21. Qc2 Ne6 22.
Qb1 Ng5 23. Be2 Nfe4 24. Nxe4 Bxe4 25. Qa1 Nxf3+ 26. Bxf3 Bxf3 27. gxf3 Qxf3 28.
Kf1 Qxh3+ 29. Ke2 Rc8 30. Rxc8+ Qxc8 31. Qc1 Qxc1 32. Bxc1 g5 33. Kf3 f5 34. Bd2
Kf7 35. Ke2 h5 36. f3 g4 37. fxg4 fxg4 38. Be1 Kg6 39. d5 Kf5 40. Kd3 Bf6 41.
Bf2 h4 42. e4+ Kf4 43. Bxb6 axb6 44. a5 h3 45. axb6 h2 0-1

[Event "Let's Play Chess!"]
[Site "http://www.queenalice.com/game.php?id=848416"]
[Date "2010.10.20"]
[Round "-"]
[White "bluestuff370"]
[Black "cazzo"]
[Result "0-1"]
[WhiteElo "1865"]
[BlackElo "2247"]

1. d4 d5 2. Nf3 Nf6 3. e3 g6 4. a3 Bg7 5. b4 O-O 6. Bb2 a5 7. bxa5 c5 8. Be2
Qxa5+ 9. Bc3 Qc7 10. Bb2 Qb6 11. Qc1 Ne4 12. O-O Nc6 13. c3 Bf5 14. Rd1 cxd4 15.
cxd4 Na5 16. Nc3 Rfc8 17. Bd3 Nb3 0-1

[Event "Let's Play Chess!"]
[Site "http://www.queenalice.com/game.php?id=848417"]
[Date "2010.10.20"]
[Round "-"]
[White "bluestuff370"]
[Black "ketchuplover"]
[Result "1-0"]
[WhiteElo "1863"]
[BlackElo "1804"]

1. d4 h6 2. Nf3 d5 3. e3 Nf6 4. b3 e6 5. a3 a6 6. Bb2 c5 7. c4 Bd6 8. cxd5 exd5
9. Bd3 b6 10. O-O Nc6 11. Nbd2 Be6 12. Qb1 cxd4 13. Bxd4 Nxd4 14. Nxd4 Qd7 15.
N2f3 O-O 16. Rc1 Rfc8 17. Rxc8+ Qxc8 18. b4 Qd7 19. h3 Bxh3 20. gxh3 Qxh3 21.
Bf5 Qh5 22. Qf1 Ne4 23. Qh3 Qxh3 24. Bxh3 g6 25. Bg2 Rc8 26. Bf1 f5 27. Bxa6 Rc7
28. Bd3 Rc3 29. Bc2 f4 30. Bb3 Nf6 31. Re1 fxe3 32. Rxe3 1-0

[Event "Let's Play Chess!"]
[Site "http://www.queenalice.com/game.php?id=862608"]
[Date "2010.11.23"]
[Round "-"]
[White "bluestuff370"]
[Black "ReiNato"]
[Result "1-0"]
[WhiteElo "1892"]
[BlackElo "1827"]

1. d4 c6 2. Nf3 e6 3. e3 Ne7 4. a3 Ng6 5. c4 Be7 6. Bd3 O-O 7. Bxg6 fxg6 8. e4
d6 9. O-O Nd7 10. Be3 b6 11. Qc1 Rxf3 12. gxf3 e5 13. d5 cxd5 14. cxd5 Qf8 15.
Qd1 Nc5 16. Bxc5 dxc5 17. Qe2 a5 18. Qe3 Qf6 19. Kh1 Rb8 20. Nd2 Bd6 21. Rg1 Bd7
22. Rg3 Rf8 23. Qb3 b5 24. Qc3 b4 25. axb4 axb4 26. Qe3 Qf4 27. Qxf4 exf4 28.
Rgg1 h6 29. Rxg6 Be5 30. Ra7 Bb5 31. Rb6 Bd3 32. b3 Bc3 33. Nc4 Bxc4 34. bxc4
Bd4 35. Kg1 Kh7 36. Rbb7 Rd8 37. Ra6 h5 38. d6 h4 39. d7 b3 40. Rab6 b2 41. h3
Bf6 42. Kf1 Ra8 43. Rxb2 Bxb2 44. Rxb2 Rd8 45. Rd2 Kg8 46. Rd5 g6 47. Ke2 Kf7
48. Rxc5 Rxd7 49. Rd5 Rb7 50. Kf1 Rb1+ 51. Kg2 Rc1 52. Rc5 Rc3 53. Rc7+ Ke6 54.
Rc6+ Kf7 55. Rc8 Kf6 56. Rh8 g5 57. Rh6+ Kg7 58. Rc6 Kf7 59. e5 Rc2 60. e6+ Ke7
61. Rc5 Kf6 62. e7 Re2 63. Rc7 Rxe7 64. Rxe7 Kxe7 65. Kf1 Ke6 66. Ke2 Kd6 67.
Kd3 Ke5 68. c5 Kd5 69. c6 Kxc6 70. Ke4 Kd6 71. Kf5 Kd5 72. Kxg5 Ke5 73. Kg4 Kf6
74. Kxf4 Kg6 75. Kg4 Kf6 76. f4 Kg6 77. Kxh4 Kf5 78. Kg3 Kg6 79. Kg4 Kh6 80. Kf5
Kh5 81. Ke6 Kh4 82. f5 Kxh3 83. f6 Kg2 84. f4 Kg3 85. f5 Kg4 86. f7 Kg5 87. f8=Q
Kf4 88. Qc5 Ke4 89. Qc4+ Kf3 90. f6 Kg3 91. Qe4 Kf2 92. f7 Kg3 93. f8=Q Kh2 94.
Qf2+ Kh3 95. Qeh4# 1-0

[Event "Let's Play Chess!"]
[Site "http://www.queenalice.com/game.php?id=862609"]
[Date "2010.11.23"]
[Round "-"]
[White "bluestuff370"]
[Black "ReiNato"]
[Result "1-0"]
[WhiteElo "1877"]
[BlackElo "1805"]

1. d4 c6 2. Nf3 e6 3. e3 Ne7 4. b3 Ng6 5. a3 Be7 6. Bb2 d5 7. c4 O-O 8. Bd3 f5
9. c5 b6 10. b4 bxc5 11. dxc5 Nd7 12. Qc2 e5 13. Bxf5 Rxf5 14. Qxf5 Nxc5 15. Qc2
Na4 16. Qxa4 c5 17. bxc5 Bxc5 18. O-O e4 19. Nd4 Rb8 20. Bc3 Bxd4 21. Qxd4 Rb7
22. Nd2 Bf5 23. Rab1 Rc7 24. Ba5 Qd6 25. Bxc7 Qxa3 26. Qxd5+ Kh8 27. Qxf5 Qe7
28. Rb8+ Nf8 29. Rxf8+ Qxf8 30. Qxf8# 1-0

[Event "Let's Play Chess!"]
[Site "http://www.queenalice.com/game.php?id=862611"]
[Date "2010.11.22"]
[Round "-"]
[White "bluestuff370"]
[Black "ValerioR"]
[Result "1-0"]
[WhiteElo "1890"]
[BlackElo "1491"]

1. d4 d5 2. Nf3 c5 3. b3 Nc6 4. e3 cxd4 5. exd4 f6 6. a3 e5 7. dxe5 fxe5 8. Be2
Nf6 9. Bb2 d4 10. O-O Bf5 11. Bc4 Qd7 12. Re1 Bd6 13. Nbd2 Na5 14. Nxe5 Qc8 15.
Ng6+ Kd7 16. Nxh8 Qxh8 17. Bb5+ Kc7 18. Bxd4 b6 19. Qf3 Rc8 20. Qxf5 Kb7 21.
Bxf6 gxf6 22. Qd5+ Kb8 23. Qxd6+ Ka8 24. Qd5+ Kb8 25. c4 Qd8 26. Qxd8 Rxd8 27.
Re2 Nb7 28. b4 a5 29. Nf3 Nd6 30. bxa5 Nxb5 31. cxb5 Kb7 32. a6+ Ka7 33. Re7+
Ka8 34. Rxh7 Rd5 35. a4 Rc5 36. Rd1 Rc8 37. Nd4 Kb8 38. Nc6+ Ka8 39. Ra7# 1-0

[Event "Let's Play Chess!"]
[Site "http://www.queenalice.com/game.php?id=900649"]
[Date "2011.2.15"]
[Round "-"]
[White "bluestuff370"]
[Black "Meckerkopp"]
[Result "0-1"]
[WhiteElo "1917"]
[BlackElo "1922"]

1. d4 d5 2. Nf3 h6 3. e3 Bg4 4. Nbd2 Bxf3 5. Nxf3 Nf6 6. b4 Ne4 7. Bb2 e6 8. a3
a6 9. Qb1 Nc6 10. Bd3 Ng5 11. Be2 Bd6 12. Bc3 Ne7 13. b5 a5 14. a4 Ng6 15. Bb2
b6 16. O-O Nxf3+ 17. Bxf3 Qg5 18. Ba3 Bxa3 19. Rxa3 Nh4 20. Qd1 Nf5 21. Rc3
O-O-O 22. Bh5 g6 23. Bf3 h5 24. Rd3 Nd6 25. Qa1 f5 26. Rc3 h4 27. h3 Nc4 28. Rd1
Qh6 29. Be2 Nd6 30. Rc6 g5 31. Bd3 g4 32. hxg4 fxg4 33. Qc3 Rd7 34. Rxb6 Kd8 35.
Rb8+ Ke7 36. Rxh8 Qxh8 37. Qxa5 h3 38. g3 Qf6 39. Qe1 Nf7 40. Be2 Nh6 41. a5 Qf8
42. Qb4+ Kf7 43. a6 Qxb4 44. Ra1 Rd8 45. a7 Ra8 0-1

[Event "Let's Play Chess!"]
[Site "http://www.queenalice.com/game.php?id=900651"]
[Date "2011.2.15"]
[Round "-"]
[White "bluestuff370"]
[Black "VARAZDATYAN"]
[Result "0-1"]
[WhiteElo "1917"]
[BlackElo "1813"]

1. d4 e6 2. Nf3 d5 3. e3 Nf6 4. a3 Bd6 5. b4 O-O 6. Bb2 b6 7. Nbd2 Ba6 8. b5 Bb7
9. Bd3 a6 10. a4 axb5 11. axb5 Rxa1 12. Qxa1 c5 13. dxc5 bxc5 14. Bxf6 Qxf6 15.
Qxf6 gxf6 16. c4 Nd7 17. O-O Ne5 18. Nxe5 Bxe5 19. cxd5 exd5 20. Bf5 Kh8 21. f3
Bc8 22. Bxc8 Rxc8 23. f4 Bc3 24. Nf3 Rb8 25. Rd1 d4 26. exd4 cxd4 27. Rb1 d3 28.
Rb3 d2 29. Nxd2 Bxd2 30. g3 Kg7 31. f5 Kh6 32. g4 Kg5 33. h3 h5 34. Rd3 Bf4 35.
gxh5 Rxb5 36. Kg2 Kxf5 37. Rf3 Kg5 38. h6 Be5 39. h7 Rb8 40. h4+ Kh6 41. h5 Kxh7
0-1

[Event "Let's Play Chess!"]
[Site "http://www.queenalice.com/game.php?id=900652"]
[Date "2011.2.15"]
[Round "-"]
[White "bluestuff370"]
[Black "gustavline"]
[Result "1-0"]
[WhiteElo "1905"]
[BlackElo "1804"]

1. d4 Nf6 2. Nf3 g6 3. e3 Bg7 4. b4 a6 5. Bb2 d5 6. c4 dxc4 7. Bxc4 b5 8. Bb3
O-O 9. Nbd2 Bf5 10. O-O Re8 11. h3 Nbd7 12. Re1 Nb6 13. Nh4 Bc8 14. Qc2 Nfd5 15.
f4 Bh6 16. a3 Bb7 17. Nhf3 Bg7 18. f5 Bc8 19. fxg6 hxg6 20. Nf1 Bb7 21. Qf2 Nf6
22. Rad1 Bh6 23. Ng3 Bd5 24. Bc2 Bc4 25. Ne5 Kg7 26. Qf3 Bd5 27. e4 Bb7 28. Ng4
Nxg4 29. Qxg4 Nc4 30. Bc1 Bxc1 31. Rxc1 Qxd4+ 32. Kh1 Nxa3 33. Nf5+ Kg8 34. Nxd4
1-0

[Event "Challenge"]
[Site "http://www.queenalice.com/game.php?id=926263"]
[Date "2011.4.15"]
[Round "-"]
[White "bluestuff370"]
[Black "jorm"]
[Result "1-0"]
[WhiteElo "1901"]
[BlackElo "1860"]

1. d4 e6 2. Nf3 d6 3. e3 Ne7 4. b4 b6 5. a3 a6 6. c4 Nd7 7. Bb2 h6 8. e4 Bb7 9.
Bd3 Rg8 10. O-O g6 11. Nbd2 g5 12. h3 h5 13. d5 e5 14. Nh2 Rh8 15. Be2 h4 16.
Ndf3 Ng6 17. Qd2 Nf4 18. Bd1 f6 19. Ne1 Bh6 20. Qc2 c6 21. Nd3 Nxd3 22. Bh5+ Ke7
23. Qxd3 a5 24. Ng4 Bg7 25. Bg6 a4 26. Qf3 Qf8 27. Qf5 Kd8 28. Rfd1 c5 29. b5
Kc7 30. Qf3 Bc8 31. Bf5 Qd8 32. Ne3 Nf8 33. Rd3 Qe8 34. Qd1 Ng6 35. Bxg6 Qxg6
36. f3 f5 37. exf5 Bxf5 38. Rd2 Bd7 39. Rf2 Rhe8 40. Qd2 e4 41. f4 Bxb2 42. Qxb2
gxf4 43. Rxf4 Bxh3 44. Rxh4 Bd7 45. Rf1 Qg5 46. Rff4 Qg3 47. Qf2 Qxf2+ 48. Kxf2
Rf8 49. g3 Rae8 50. Kg2 Rxf4 51. gxf4 Rf8 52. Kf2 Kd8 53. Kg3 Rg8+ 54. Kh2 Rf8
55. Kg2 Rf7 56. Kf2 Ke7 57. Nd1 Rf8 58. Nc3 Ra8 59. Ke3 Bf5 60. Nxe4 Re8 61. Nc3
Bc2 62. Kd2 Bb3 63. Rh7+ Kf8 64. Rd7 Bxc4 65. Rxd6 Rb8 66. Nxa4 Bxb5 67. Rxb6
Rxb6 68. Nxb6 Ke7 69. f5 Kf6 70. d6 Bc6 71. d7 1-0